000 00292nam a22001337a 4500
008 170920b xxu||||| |||| 00| 0 eng d
020 _a0025940503
041 _aeng
080 _a7
100 _a45
101 _aART
245 _aTHE WORLD THEATRE OF WAGNER
_cOSBORNE,CH
942 _2udc
_cBK
999 _c28420
_d28420